[Event "Montigny le Bretonneux Noel op 09th"]
[Site "Montigny le Bretonneux"]
[Date "2006.12.27"]
[Round "5"]
[White "Korsak, Gregoire"]
[Black "Danzanvilliers, Patrice"]
[Result "1/2-1/2"]
[WhiteElo "1670"]
[BlackElo "1902"]
[PlyCount "52"]
[EventDate "2006.12.27"]
[EventType "swiss"]
[EventRounds "7"]
[EventCountry "FRA"]
[SourceTitle "CBM 116 Extra"]
[Source "ChessBase"]
[SourceDate "2007.03.07"]
[SourceVersion "1"]
[SourceVersionDate "2007.03.07"]
[SourceQuality "1"]

1. d4 Nf6 2. c4 e5 3. dxe5 Ng4 4. Nf3 Bc5 5. e3 Nc6 6. Be2 Ngxe5 7. Nxe5 Nxe5 8. 0-0 0-0 9. b3 Re8 10. Bb2 d6 11. Nc3 Bd7 12. Ne4 Bb6 13. Ng3 Re6 14. e4 Rh6 15. Nf5 Bxf5 16. exf5 Qh4 17. h3 Qe4 18. Bc1 Rf6 19. Bg4 h5 20. Bxh5 Rxf5 21. Qe2 Qh4 22. Bg4 Rf6 23. Be3 Re8 24. g3 Qh7 25. Rae1 Kf8 26. Kg2 Qe4+ 1/2-1/2

[Event "Montigny le Bretonneux op 5th"]
[Site "Montigny le Bretonneux"]
[Date "2006.11.03"]
[Round "7.3"]
[White "Couronne, Patrice"]
[Black "Korsak, Gregoire"]
[Result "1-0"]
[WhiteElo "1874"]
[BlackElo "1670"]
[PlyCount "77"]
[EventDate "2006.10.28"]
[EventType "swiss"]
[EventRounds "9"]
[EventCountry "FRA"]
[SourceTitle "EXT 2007"]
[Source "ChessBase"]
[SourceDate "2006.11.23"]
[SourceVersion "1"]
[SourceVersionDate "2006.11.23"]
[SourceQuality "1"]

1. b3 e5 2. Bb2 Nc6 3. e3 Nf6 4. Bb5 d6 5. Ne2 a6 6. Bxc6+ bxc6 7. d4 e4 8. Nd2 d5 9. h3 Bd6 10. c4 Bb4 11. c5 Rb8 12. a3 Bxd2+ 13. Qxd2 Rxb3 14. 0-0 0-0 15. Bc3 Rb8 16. Ng3 Re8 17. Ba5 Bd7 18. Rfb1 h5 19. Qc2 h4 20. Ne2 Rxb1+ 21. Rxb1 Qc8 22. Kh2 g5 23. Qb3 Rd8 24. Qb7 Ne8 25. Qxc8 Bxc8 26. Rb8 Kf8 27. f4 f6 28. fxg5 fxg5 29. g3 Ke7 30. gxh4 gxh4 31. Nf4 Bf5 32. Rb2 Kf6 33. Rb7 Ra8 34. Bxc7 Nxc7 35. Rxc7 Rc8 36. Ra7 Kg5 37. Rxa6 Rc7 38. a4 Bd7 39. a5 1-0

[Event "Montigny le Bretonneux-C 4th"]
[Site "Montigny le Bretonneux"]
[Date "2005.10.28"]
[Round "7"]
[White "Bouvier, Clement"]
[Black "Korsak, Gregoire"]
[Result "1-0"]
[WhiteElo "1550"]
[BlackElo "1540"]
[PlyCount "73"]
[EventDate "2005.10.22"]
[EventType "tourn"]
[EventRounds "9"]
[EventCountry "FRA"]
[SourceTitle "EXT 2008"]
[Source "ChessBase"]
[SourceDate "2007.11.25"]
[SourceVersion "1"]
[SourceVersionDate "2007.11.25"]
[SourceQuality "1"]

1. e4 e5 2. Nf3 d6 3. Bc4 h6 4. Nc3 Bg4 5. d3 Nf6 6. Nd5 Nbd7 7. Be3 Nxd5 8. Bxd5 c6 9. Bb3 Be7 10. h3 Bxf3 11. Qxf3 0-0 12. 0-0-0 Bg5 13. Bxg5 Qxg5+ 14. Kb1 a5 15. h4 Qg6 16. a3 a4 17. Ba2 Kh8 18. g4 f6 19. h5 Qe8 20. Qf5 Nc5 21. d4 exd4 22. Rxd4 Ra5 23. Qg6 Qe5 24. Rhd1 Rd8 25. Rxd6 Rf8 26. Rd8 Ra8 27. Rxf8+ Rxf8 28. f3 Qh2 29. Qf5 Qe2 30. Rc1 b6 31. Qf4 Rc8 32. Qg3 b5 33. Re1 Rd8 34. Bf7 Rd1+ 35. Rxd1 Qxd1+ 36. Ka2 Nd7 37. Qc7 1-0